El Nivel Inicial, un escenario posible para la lectoescritura y las operaciones matemáticas / (Registro nro. 32760)
[ vista simple ]
| 000 -CABECERA | |
|---|---|
| campo fijo de control de longitud | 01606nab a2200301 4500 |
| 003 - IDENTIFICADOR DEL NÚMERO DE CONTROL | |
| campo de control | AR-RoBPED |
| 005 - FECHA Y HORADE LA ULTIMA TRANSACCION | |
| campo de control | 20260514085023.0 |
| 008 - ELEMENTOS DE LONGITUD FIJA--INFORMACION GENERAL | |
| campo fijo de control de longitud | 260514b |||||||| |||| 00| 0 spa d |
| 040 ## - FUENTE CATALOGADORA | |
| Centro catalogador/agencia de origen | AR-RoBPED |
| 041 ## - IDIOMA | |
| Código de idioma para texto/pista de sonido o título independiente | spa |
| 100 1# - ENCABEZAMIENTO PRINCIPAL--AUTOR PERSONAL | |
| Nombre de persona | Catrambone, Rosa |
| 9 (RLIN) | 30571 |
| Función | Profesora para la Enseñanza Primaria y licenciada eb Psicopedagogía |
| 245 13 - TITULO | |
| Título | El Nivel Inicial, un escenario posible para la lectoescritura y las operaciones matemáticas / |
| 260 ## - PUBLICACION | |
| Lugar | Buenos Aires : |
| Editor | Noveduc, |
| Fecha | 2023 |
| 300 ## - DESCRIPCION FISICA | |
| Extensión | 50-55 p. |
| 500 ## - NOTA GENERAL | |
| Nota general | Mientras que en un accidente que estimula la comunicación el lenguaje oral pareciera desarrollarse de modo natural, el lenguaje escrito es un constructo cultural más complejo que requiere una enseñanza en el Nivel Inicial. En este texto se pone el acento en la importancia que reviste el trabajo de los docentes de este nivel para la adquisición de competencias que favorezcan la lectura y también la aproximación a las operaciones aritméticas sencillas. |
| 650 #7 - TERMINO DE MATERIA--CONTROLADO | |
| Término controlado | NIVEL INICIAL |
| 9 (RLIN) | 1213 |
| Término controlado | ARITMETICA |
| 9 (RLIN) | 1615 |
| Término controlado | ENSEÑANZA DE LAS MATEMATICAS |
| 9 (RLIN) | 818 |
| Término controlado | DOCENTES |
| 9 (RLIN) | 344 |
| Término controlado | ENSEÑANZA |
| 9 (RLIN) | 342 |
| Término controlado | LENGUAJE ESCRITO |
| 9 (RLIN) | 14592 |
| Término controlado | ALFABETIZACION |
| 9 (RLIN) | 386 |
| Término controlado | LECTOESCRITURA |
| 9 (RLIN) | 825 |
| 700 1# - ENCABEZAMIENTO SECUNDARIO--AUTOR PERSONAL | |
| Nombre de persona | Ledwith, Andrea |
| 9 (RLIN) | 30574 |
| Función | Profesora de Educación Preescolar y licenciada en Ciencias de la Educación |
| 773 0# - DOCUMENTO FUENTE | |
| Host Biblionumber | 20414 |
| Host Itemnumber | 41865 |
| Place, publisher, and date of publication | Buenos Aires : Noveduc, 1993- |
| Título | Novedades Educativas |
| Record control number | (AR-RoBPED)20414 |
| International Standard Serial Number | 03283534 |
| 942 ## - ELEMENTOS KOHA | |
| Fuente de clasificación | Universal Decimal Classification |
| Koha tipo de ítem | Revistas |
| Clasificación | 37(05) |
| Signatura librística | Nov 86 N° 390 (Sept.2023) |
| Número Koha | k.32760 |
| 945 ## - PROCESAMIENTO DE LA INFORMACIÓN LOCAL | |
| Catalogador y fecha | mar 05/2026 |
No hay ítems disponibles.